Statistics for Animals By Picture - Letter E

Click here to take the quiz!

General Stats

  • This quiz has been taken 371 times
  • The average score is 9 of 12

Answer Stats

Answer% Correct
Elephant
99%
Eagle
96%
Emu
93%
Elk
90%
Eel
86%
Emperor Penguin
85%
Echidna
72%
Elephant Seal
71%
Earwig
60%
Egret
55%
Elephant Shrew
37%
Eland
31%

Score Distribution

Percentile by Number Answered

Percent of People with Each Score

Your Score History

You have not taken this quiz